BIM (Record no. 84183)

MARC details
000 -LEADER
fixed length control field 00717cab a22002055a 4500
001 - CONTROL NUMBER
control field L156861
008 - FIXED-LENGTH DATA ELEMENTS--GENERAL INFORMATION
fixed length control field 120723e20120203xxkd f 000 0 eng d
035 ## - SYSTEM CONTROL NUMBER
System control number (Sirsi) u156861
041 0# - LANGUAGE CODE
Language code of text/sound track or separate title eng
100 1# - MAIN ENTRY--PERSONAL NAME
Personal name Lane, Thomas
245 00 - TITLE STATEMENT
Title BIM
Remainder of title the inside story one year on
260 ## - PUBLICATION, DISTRIBUTION, ETC.
Date of publication, distribution, etc. 2012
490 #0 - SERIES STATEMENT
Series statement Building
Volume/sequential designation 277 (8737) 20 July 2012, 32-37(6)
520 ## - SUMMARY, ETC.
Summary, etc. Looks at progress on the Manchester Central Library refurbishment project which commenced July 2011 and was to use BIM from start to finish. Views from the client, the contractor, the QS, the design team and the specialist.
590 ## - LOCAL NOTE (RLIN)
Local note KA
651 #4 - SUBJECT ADDED ENTRY--GEOGRAPHIC NAME
Geographic name United Kingdom
Chronological subdivision
690 ## - LOCAL SUBJECT ADDED ENTRY--TOPICAL TERM (OCLC, RLIN)
Topical term or geographic name as entry element BIM
9 (RLIN) 6219
690 ## - LOCAL SUBJECT ADDED ENTRY--TOPICAL TERM (OCLC, RLIN)
Topical term or geographic name as entry element Project management
9 (RLIN) 6261
942 ## - ADDED ENTRY ELEMENTS (KOHA)
Suppress in OPAC 0
Holdings
Withdrawn status Lost status Source of classification or shelving scheme Damaged status Not for loan Home library Current library Shelving location Date acquired Total Checkouts Full call number Barcode Date last seen Copy number Price effective from Koha item type
    Dewey Decimal Classification     London London Journal article 23/07/2012   L156861 156861-1001 06/08/2019 1 06/08/2019 Journal article